| 000 | 00788nam a22002177a 4500 | ||
|---|---|---|---|
| 999 |
_c17898 _d17898 |
||
| 003 | AR-CdUCM | ||
| 008 | 190510b ||||| |||| 00| 0 spa d | ||
| 040 |
_aMUNICIPALIDAD PROVINCIAL DEL CUSCO _cBIBLIOTECA MUNICIPAL DEL CUSCO |
||
| 082 |
_26ed. _a860.9 / _bM84 |
||
| 100 |
_aMontoliu, Manuel de _916312 |
||
| 245 | _aManual de historia de la literatura Castellana / | ||
| 260 |
_aBarcelona : _bCervantes, _c1957. |
||
| 300 |
_a451 páginas ; _c20 cm. |
||
| 505 | _aContenido: t.2: La edad de oro -- El siglo XVIII -- El romanticismo -- La generación del 98 -- La literatura contemporánea. | ||
| 650 |
_aHistoria _9136 |
||
| 650 |
_aLiteratura _983 |
||
| 650 |
_aSiglo XX _98 |
||
| 700 |
_aMoya Plana, Luis (ampliación) _938129 |
||
| 942 |
_2ddc _cLIBROS |
||
| 945 |
_aachl _d2019-05-10 |
||